00880nam a2200229Ii 45000010005000000030009000050080041000140200018000550400033000730410008001060820014001141000034001282450099001622640096002613000012003573360026003693370028003953380027004239400050004509990017005009520133005174450CO-ViMGA241108s9999||||xx |||||||||||||| ||und|| a9789588454955 aCO-ViMGAbspaerdacCO-ViMGA0 aspa04a923.2 U531 aCamilo Torres Restrepo94534210aUnidad en la diversidad :bCamilo Torres y el frente unido del pueblo (aportes para el debate) 1aBogotá, Colombia : Fundación Colectivo Frente Unido (CFU) : Ediciones Desde Abajo, 2014 avolumen atextbtxt2rdacontent aunmediatedbn2rdamedia avolumebnc2rdacarrier aidficha_siabuc: 4343. -- ficha_no_siabuc:4450 c39866d39866 001040708001aMEVIGERRbMEVIGERRcGENd2006-11-27o923.2 U53pECA3343r2024-11-25 15:07:19tEj.1w2024-11-25yBKz4343 | 6356